NMR of biomolecules : towards mechanistic systems biology /

Bibliographic Details
Other Authors: Bertini, Ivano, McGreevy, Kathleen S., Parigi, Giacomo
Format: eBook
Language:English
Published: Weinheim : Wiley-VCH, 2012.
Series:Wiley Online Library.
Subjects:
Online Access:Connect to the full text of this electronic book

MARC

Tag First Indicator Second Indicator Subfields
LEADER 00000cam a2200000Ka 4500
001 in00002782327
005 20210728124842.0
006 m d
007 cr cn|||||||||
008 120406s2012 gw o 000 0 eng d
020 |a 3527644504 (electronic bk.) 
020 |a 9783527644506 (electronic bk.) 
035 |a (OCoLC)784138377 
035 |a (OCoLC)ocn784138377 
035 |a 3997006 
037 |a 10.1002/9783527644506  |b Wiley InterScience  |n http://www3.interscience.wiley.com 
040 |a DG1  |b eng  |c DG1  |d YDXCP  |d TXA  |d UtOrBLW 
049 |a TXAM 
050 4 |a QH506  |b .N56 2012eb 
082 0 4 |a 572  |2 23 
245 0 0 |a NMR of biomolecules :  |b towards mechanistic systems biology /  |c edited by Ivano Bertini, Kathleen S. McGreevy, Giacomo Parigi. 
264 1 |a Weinheim :  |b Wiley-VCH,  |c 2012. 
264 2 |a Chichester :  |b John Wiley [distributor] 
300 |a 1 online resource 
336 |a text  |b txt  |2 rdacontent 
337 |a computer  |b c  |2 rdamedia 
338 |a online resource  |b cr  |2 rdacarrier 
500 |a Electronic resource. 
505 0 |a Front Matter -- Introduction. NMR and its Place in Mechanistic Systems Biology / Ivano Bertini, Kathleen S McGreevy, Giacomo Parigi -- Structure of Biomolecules: Fundamentals / Lucia Banci, Francesca Cantini, Mirko Cevec, Hendrik R A Jonker, Senada Nozinovic, Christian Richter, Harald Schwalbe -- What Can be Learned about the Structure and Dynamics of Biomolecules from NMR / Lucio Ferella, Antonio Rosato, Paola Turano, Janez Plavec -- Role of NMR in the Study of the Structure and Dynamics of Biomolecules. Determination of Protein Structure and Dynamics / Lucio Ferella, Antonio Rosato, Paola Turano -- DNA / Janez Plavec -- RNA / Richard ⁽tefl, Vladim̕r Skleǹr -- Intrinsically Disordered Proteins / Isabella C Felli, Roberta Pierattelli, Peter Tompa -- Paramagnetic Molecules / Ivano Bertini, Claudio Luchinat, Giacomo Parigi -- Role of NMR in the Study of the Structure and Dynamics of Biomolecular Interactions. NMR Methodologies for the Analysis of Protein₆Protein Interactions / Tobias Madl, Michael Sattler -- Metal-Mediated Interactions / Simone Ciofi-Baffoni -- Protein: Paramagnetic Protein Interactions / Peter H J Keizers, Yoshitaka Hiruma, Marcellus Ubbink -- Protein₆RNA Interactions / Vijayalaxmi Manoharan, Jose Manuel P̌rez-Cąadillas, Andres Ramos -- Protein₆DNA Interactions / Lidija Kovacic, Rolf Boelens -- NMR in Drug Discovery. High-Throughput Screening and Fragment-Based Design: General Considerations for Lead Discovery and Optimization / Maurizio Pellecchia -- Ligand-Observed NMR in Fragment-Based Approaches / Pawel Sledz, Chris Abell, Alessio Ciulli -- Interactions of Metallodrugs with DNA / Hong-Ke Liu, Peter J Sadler -- RNA as a Drug Target / Jan-Peter Ferner, Elke Duchardt Ferner, J̲rg Rinnenthal, Janina Buck, Jens W̲hnert, Harald Schwalbe -- Fluorine NMR Spectroscopy for Biochemical Screening in Drug Discovery / Claudio Dalvit -- NMR of Peptides / Johannes G Beck, Andreas O Frank, Horst Kessler -- Solid-State NMR. Biomolecular Solid-State NMR/Basics / Emeline Barbet-Massin, Guido Pintacuda -- Protein Dynamics in the Solid State / J̤zef R Lewandowski, Lyndon Emsley -- Microcrystalline Proteins ₆ An Ideal Benchmark for Methodology Development / W Trent Franks, Barth-Jan van Rossum, Benjamin Bardiaux, Enrico Ravera, Giacomo Parigi, Claudio Luchinat, Hartmut Oschkinat -- Structural Studies of Protein Fibrils by Solid-State NMR / Anja B̲ckmann, Beat H Meier -- Solid-State NMR on Membrane Proteins: Methods and Applications / A A Cukkemane, M Renault, M Baldus -- Frontiers in NMR Spectroscopy. Dynamic Nuclear Polarization / Thomas F Prisner -- C Direct Detection NMR / Isabella C Felli, Roberta Pierattelli -- Speeding up Multidimensional NMR Data Acquisition / Bernhard Brutscher, Dominique Marion, Lucio Frydman -- Metabolomics / Leonardo Tenori -- In-Cell Protein NMR Spectroscopy / David S Burz, David Cowburn, Kaushik Dutta, Alexander Shekhtman -- Structural Investigation of Cell-Free Expressed Membrane Proteins / Solmaz Sobhanifar, Sina Reckel, Frank L̲hr, Frank Bernhard, Volker D̲tsch -- Computational Aspects. Grid Computing / Antonio Rosato -- Protein₆Protein Docking with HADDOCK / Christophe Schmitz, Adrien S J Melquiond, Sjoerd J de Vries, Ezgi Karaca, Marc van Dijk, Panagiotis L Kastritis, Alexandre M J J Bonvin -- Automated Protein Structure Determination Methods / Paul Guerry, Torsten Herrmann -- NMR Structure Determination of Protein₆Ligand Complexes / Ulrich Schieborr, Sridhar Sreeramulu, Harald Schwalbe -- Small Angle X-Ray Scattering/Small Angle Neutron Scattering as Methods Complementary to NMR / M V Petoukhov, D I Svergun -- References -- Index. 
588 |a Description based on print version record. 
650 0 |a Biological systems.  |0 http://id.loc.gov/authorities/subjects/sh85014196 
650 0 |a Biomolecules.  |0 http://id.loc.gov/authorities/subjects/sh85014249 
650 0 |a Nuclear magnetic resonance spectroscopy.  |0 http://id.loc.gov/authorities/subjects/sh85093008 
650 0 |a Systems biology.  |0 http://id.loc.gov/authorities/subjects/sh2008002926 
655 7 |a Electronic books.  |2 local 
700 1 |a Bertini, Ivano.  |0 http://id.loc.gov/authorities/names/n80003999 
700 1 |a McGreevy, Kathleen S.  |0 http://id.loc.gov/authorities/names/no2012101005 
700 1 |a Parigi, Giacomo.  |0 http://id.loc.gov/authorities/names/n2001004831 
776 0 8 |i Print version:  |t NMR of biomolecules.  |d Weinheim : Wiley-VCH ; Chichester : John Wiley [distributor], 2012  |z 9783527328505  |w (OCoLC)768072879 
830 0 |a Wiley Online Library. 
856 4 0 |u http://proxy.library.tamu.edu/login?url=https://dx.doi.org/10.1002/9783527644506  |z Connect to the full text of this electronic book  |t 0 
948 |a cataloged  |b h  |c 2012/6/8  |d c  |e jlanham  |f 9:59:01 am 
994 |a C0  |b TXA 
999 |a MARS 
999 f f |s 5507d16f-ea86-30e4-bfb0-b8f997011b90  |i 6ced985c-c7a5-3c4d-b503-01b188e482ac  |t 0 
952 f f |a Texas A&M University  |b College Station  |c Electronic Resources  |d Available Online  |t 0  |e QH506 .N56 2012eb  |h Library of Congress classification 
998 f f |a QH506 .N56 2012eb  |t 0  |l Available Online